Products and Profit from Poultry/ (Record no. 117766)
[ view plain ]
| 000 -LEADER | |
|---|---|
| fixed length control field | 00589cam a2200193 4500 |
| 008 - FIXED-LENGTH DATA ELEMENTS--GENERAL INFORMATION | |
| fixed length control field | 120807n 000 0 eng u |
| 022 ## - INTERNATIONAL STANDARD SERIAL NUMBER | |
| International Standard Serial Number | 18100775 |
| 035 ## - SYSTEM CONTROL NUMBER | |
| System control number | (Sirsi) a177028 |
| 050 ## - LIBRARY OF CONGRESS CALL NUMBER | |
| Classification number | FAO SF 488 HIL 2011 |
| 100 ## - MAIN ENTRY--PERSONAL NAME | |
| Personal name | Hilmi, Martin |
| 245 ## - TITLE STATEMENT | |
| Title | Products and Profit from Poultry/ |
| Statement of responsibility, etc. | Martin Hilmi, Frands Dolberg and Brian Clarke |
| 260 ## - PUBLICATION, DISTRIBUTION, ETC. | |
| Place of publication, distribution, etc. | Rome: |
| Name of publisher, distributor, etc. | Food and Agriculture Organisation, |
| Date of publication, distribution, etc. | 2011 |
| 300 ## - PHYSICAL DESCRIPTION | |
| Extent | ix,73p.: |
| Other physical details | ill. |
| 650 ## - SUBJECT ADDED ENTRY--TOPICAL TERM | |
| Topical term or geographic name entry element | Poultry---Products |
| 700 ## - ADDED ENTRY--PERSONAL NAME | |
| Personal name | Dolberg, Frands |
| 700 ## - ADDED ENTRY--PERSONAL NAME | |
| Personal name | Clarke, Brian |
| 700 ## - ADDED ENTRY--PERSONAL NAME | |
| Personal name | |
| 710 ## - ADDED ENTRY--CORPORATE NAME | |
| Corporate name or jurisdiction name as entry element | Food and Agriculture Organisation |
| Withdrawn status | Lost status | Source of classification or shelving scheme | Damaged status | Not for loan | Home library | Current library | Shelving location | Cost, normal purchase price | Total Checkouts | Full call number | Barcode | Date last seen | Copy number | Price effective from | Koha item type |
|---|---|---|---|---|---|---|---|---|---|---|---|---|---|---|---|
| Library of Congress Classification | Main Library | Main Library | Special collections | 0.00 | FAO SF 488 HIL 2011 | 33729005461194 | 08/21/2019 | 1 | 08/21/2019 | Book |